BSOP header

It's still Greek to me : (Record no. 4604)

MARC details
000 -LEADER
fixed length control field 00609nam a2200181 4500
008 - FIXED-LENGTH DATA ELEMENTS--GENERAL INFORMATION
fixed length control field 011026s1998 us 1 engYA
020 ## - INTERNATIONAL STANDARD BOOK NUMBER
International Standard Book Number 0801021812
090 ## - LOCALLY ASSIGNED LC-TYPE CALL NUMBER (OCLC); LOCAL CALL NUMBER (OCLC)
Classification number (OCLC) (R) ; Classification number, CALL (RLIN) (NR) PA817
Local cutter number (OCLC) ; Book number/undivided call number, CALL (RLIN) B56i
100 1# - MAIN ENTRY--PERSONAL NAME
Personal name Black, David Alan
245 10 - TITLE STATEMENT
Title It's still Greek to me :
Remainder of title an easy-to-understand guide to intermediate Greek /
Statement of responsibility, etc David Alan Black.
260 ## - PUBLICATION, DISTRIBUTION, ETC. (IMPRINT)
Place of publication, distribution, etc Michigan :
Name of publisher, distributor, etc Baker,
Date of publication, distribution, etc c1998.
300 ## - PHYSICAL DESCRIPTION
Extent 191 p.
504 ## - BIBLIOGRAPHY, ETC. NOTE
Bibliography, etc Includes index.
650 #4 - SUBJECT ADDED ENTRY--TOPICAL TERM
Topical term or geographic name as entry element Greek language, Biblical
General subdivision Grammar.
651 #4 - SUBJECT ADDED ENTRY--GEOGRAPHIC NAME
Geographic name Bible. N.T.
General subdivision Language, style.
951 ## - EQUIVALENCE OR CROSS-REFERENCE-GEOGRAPHIC NAME/AREA NAME [OBSOLETE] [CAN/MARC only]
General subdivision 00009101
951 ## - EQUIVALENCE OR CROSS-REFERENCE-GEOGRAPHIC NAME/AREA NAME [OBSOLETE] [CAN/MARC only]
-- 22056
-- PA817/B56i
-- 070613111012843
-- 2000-12-21
-- REF
Holdings
Withdrawn status Lost status Damaged status Not for loan Home library Current library Shelving location Date acquired Accession number Shelving control number Total Checkouts Full call number Barcode Date last seen Price effective from Koha item type
        BSOP Library BSOP Library Reference 12/21/2000 22056 127   PA817/B56i 00009101 02/23/2013 02/23/2013 Books
BSOP

Biblical Seminary of the Philippines
  All rights Reserved
  © 2024

CONTACT INFORMATION

Biblical Seminary of the Philippines,
  77-B Karuhatan Road, Valenzuela City,
  PHILIPPINES 1441
  Phone: +632 8292-6795 / 8292-6798
  Fax : +632 8292-6675
  Email: library@bsop.edu.ph